Marine - Toutes les chansons - Statistiques

Statistiques générales
  • Ce quiz a été pris 71 fois
    7 depuis la dernière actualisation
  • Le résultat moyen est 17 sur 21
Statistiques - réponses
Album Chanson % Correct
Cœur Maladroit 13 À la maison
100%
Cœur Maladroit 2 Cœur maladroit
100%
Cœur Maladroit 6 Dalida
100%
Cœur Maladroit 3 Des gens bien
100%
Cœur Maladroit Deluxe 14 Escroc
100%
Cœur Maladroit 1 Fille ordinaire
100%
Cœur Maladroit 12 Gemme
100%
Cœur Maladroit 4 Ma faute
100%
Cœur Maladroit 9 Restes d'averses
100%
Cœur Maladroit Deluxe 17 Toutes les musiques que j'aime
100%
Cœur Maladroit 7 Ce qu'il nous reste
75%
Cœur Maladroit 11 D'accord
75%
Cœur Maladroit Deluxe 18 Les questions
75%
Cœur Maladroit Deluxe 15 Mes rollers
75%
Cœur Maladroit 8 Que ça dure
75%
Cœur Maladroit 10 Rappelle-toi
75%
Cœur Maladroit Deluxe 20 Si j'essaie
75%
Cœur Maladroit Deluxe 16 Trop tard
75%
Cœur Maladroit Deluxe 19 A nouveau
50%
Cœur Maladroit 5 M'aimer tout le temps
50%
Collaboration 2025 Brody II d'Eleegal
0%
Aucun quiz correspondant
Distribution des résultats
% des personnes avec chaque résultat
Percentile par nombre de réponses
Votre historique - résultats
Vous n’avez pas pris ce quiz depuis la dernière actualisation